Drawn Flags #2 - Statistics

General Stats
  • This quiz has been taken 23 times
    15 since last reset
  • The average score is 35 of 39
Answer Stats
Picture Answer % Correct
Brazil
100%
Fiji
100%
Greece
100%
Kosovo
100%
Argentina
91%
Bahamas
91%
Barbados
91%
Bosnia & Herzegovina
91%
Comoros
91%
Estonia
91%
Gabon
91%
Guatemala
91%
Honduras
91%
Israel
91%
Jamaica
91%
Kazakhstan
91%
Palau
91%
San Marino
91%
Somalia
91%
St. Lucia
91%
St. Vincent & the Grenadines
91%
Sweden
91%
Tuvalu
91%
Ukraine
91%
Uruguay
91%
Azerbaijan
82%
Botswana
82%
Central African Republic
82%
Djibouti
82%
F.S. Micronesia
82%
Lesotho
82%
Marshall Islands
82%
Nauru
82%
Nicaragua
82%
Rwanda
82%
Sierra Leone
82%
Solomon Islands
82%
Tanzania
82%
Uzbekistan
82%
No matching quizzes found
Score Distribution
Percent of People with Each Score
Percentile by Number Answered
Your Score History
You have not taken this quiz since the last reset